000 00269nam a22001217a 4500
008 190225b xxu||||| |||| 00| 0 eng d
041 _aeng
080 _a004
100 _a28
101 _aSHKI
245 _aGuassian 03. User's Reference
_cFrisch, A
942 _2udc
_cBK
999 _c54200
_d54200